[Event "Calvia Amateur op 15th"]
[Site "Calvia"]
[Date "2018.10.09"]
[Round "4"]
[White "Haugen, Ole Petter"]
[Black "Hardwick, A William"]
[Result "0-1"]
[WhiteElo "1391"]
[BlackElo "1544"]
[PlyCount "44"]
[EventDate "2018.10.06"]
[EventType "swiss"]
[EventRounds "9"]
[EventCountry "ESP"]
[SourceTitle "CBM 186 Extra"]
[Source "ChessBase"]
[SourceDate "2018.08.24"]
[SourceVersion "1"]
[SourceVersionDate "2018.08.24"]
[SourceQuality "1"]

1. c4 b6 2. d4 e6 3. e4 d5 4. Qf3 Bb7 5. e5 Nc6 6. Qf4 Nge7 7. Nf3 Nf5 8. g4 Nh6 9. Bh3 Nb4 10. Bf1 Nc2+ 11. Kd2 Nxa1 12. Nc3 dxc4 13. Bxc4 Bxf3 14. Qxf3 Qxd4+ 15. Bd3 Rd8 16. Re1 Bc5 17. Qc6+ Rd7 18. Qa8+ Ke7 19. Qf3 Nxg4 20. Re4 Qxf2+ 21. Qe2 Qxe2+ 22. Rxe2 Rhd8 0-1

[Event "Calvia Amateur op 11th"]
[Site "Calvia"]
[Date "2014.10.08"]
[Round "5"]
[White "Hardwick, A William"]
[Black "Busom Ferrer, Manuel"]
[Result "0-1"]
[WhiteElo "1451"]
[BlackElo "1738"]
[PlyCount "52"]
[EventDate "2014.10.04"]
[EventType "swiss"]
[EventRounds "9"]
[EventCountry "ESP"]
[SourceTitle "EXT 2015"]
[Source "ChessBase"]
[SourceDate "2014.11.20"]
[SourceVersion "1"]
[SourceVersionDate "2014.11.20"]
[SourceQuality "1"]

1. e4 e5 2. Nf3 Nc6 3. d4 exd4 4. Nxd4 Nf6 5. Nc3 Bb4 6. Nxc6 bxc6 7. Bd2 Qe7 8. Bd3 d5 9. f3 dxe4 10. Nxe4 Nxe4 11. fxe4 h5 12. Bxb4 Qxb4+ 13. c3 Qxb2 14. 0-0 Bg4 15. Qe1 0-0 16. e5 Rad8 17. Qe4 g6 18. Bc4 Kg7 19. Qxc6 Rd2 20. Bd5 Bc8 21. Qf6+ Kh7 22. Qg5 Rxd5 23. Qe7 Kg8 24. Qxc7 Rd2 25. e6 Bxe6 26. Qg3 Bd5 0-1